000 00752nam a2200217Ia 4500
001 4103
003 GE_BSU
008 181216s||||||||xx |||||||||||||| ||und||
040 _cGE_BSU
080 _a39(479.22)
100 _aითონიშვილი, ვალერიან
245 _aქართლის მთიელთა ყოფა–ცხოვრებიდან.
245 _cრედ. ირ. არაბული
260 _aთბილისი
260 _bსაბჭოთა საქართველო
260 _c1974
300 _a100გვ. 20 სმ.
541 _h2ლ.
653 _aქართლის მთიელთა ყოფა–ცხოვრებიდან.
942 _cBK
999 _c38115
_d38115